Délmagyarország. - 1980. február 7., Csütörtök
Elmentve itt :
| Dokumentumtípus: | Újság |
|---|---|
| Megjelent: |
1980-02-07
|
| Sorozat: | Délmagyarország
70 No. 31 |
| Online Access: | http://dmarchiv.bibl.u-szeged.hu/21032 |
| LEADER | 00493nas a2200145 i 4500 | ||
|---|---|---|---|
| 001 | delm21032 | ||
| 005 | 20200415080219.0 | ||
| 008 | 171218s1980 hu n o 0|| hun d | ||
| 022 | |a 0133-025X | ||
| 040 | |a SZTE Délmagyarország Archívum |b hun | ||
| 041 | |a hun | ||
| 245 | 0 | 0 | |a Délmagyarország. - 1980. február 7., Csütörtök |h [elektronikus dokumentum] |
| 260 | |c 1980-02-07 | ||
| 490 | 0 | |a Délmagyarország |v 70 No. 31 | |
| 856 | 4 | 0 | |u http://dmarchiv.bibl.u-szeged.hu/21032/1/dm_1980_031.pdf |z Dokumentum-elérés |